Seniori ako cieľová skupina pre obchod a marketing
Súčasný trend starnutia obyvateľstva, základné pojmy súvisiace s problematikou aktívneho starnutia dnešných seniorov. Seniori ako cieľová skupina. Segmentácia trhu seniorov podľa veku, podľa fázy životného cyklu, podľa životného štýlu. Seniori ako zákazníci budúcnosti.
Saved in:
| Main Author: | |
|---|---|
| Format: | Book Chapter |
| Language: | Slovak |
| Subjects: | |
| Tags: |
No Tags, Be the first to tag this record!
|
MARC
| LEADER | 00000nla a2200000 4500 | ||
|---|---|---|---|
| 001 | 0162521 | ||
| 005 | 20240502072820.5 | ||
| 041 | 0 | |a slo | |
| 044 | |a SK | ||
| 245 | 1 | 0 | |a Seniori ako cieľová skupina pre obchod a marketing |c Monika Matušovičová |
| 520 | |a Súčasný trend starnutia obyvateľstva, základné pojmy súvisiace s problematikou aktívneho starnutia dnešných seniorov. Seniori ako cieľová skupina. Segmentácia trhu seniorov podľa veku, podľa fázy životného cyklu, podľa životného štýlu. Seniori ako zákazníci budúcnosti. | ||
| 610 | 2 | 0 | |a seniori |
| 610 | 2 | 0 | |a segmentácia trhu |
| 610 | 2 | 0 | |a správanie spotrebiteľa |
| 610 | 2 | 0 | |a marketing nákupný |
| 100 | 1 | |a Matušovičová, Monika, 1967- | |